000 01078nam0a22002531 4500
001 rc\612546
005 20260406171817.0
035 _a(NLR Aleph) 005856066
090 _a5829076
_c5829076
100 _a20031121d1986 |||y0rusy50 ca
101 0 _arus
102 _aRU
105 _ay |||||||||
200 1 _aСоединение науки с производством при социализме: правда против вымыслов
_eМетод. рекомендации в помощь агит.-преп. активу
_fДом полит. просвещения ЦК Компартии Украины
_g[Подгот. В.Ю. Шевченко]
210 _aКиев
_cБ. и.
_d1986
215 _a31 с.
_d20
320 _aБиблиогр.: с. 29-30
702 1 _aШевченко
_bВ.Ю.
_gВладимир Юлианович
_4570
712 0 2 _aДом политического просвещения
_cКиев
_3RU\NLR\AUTH\889939284
_9373440
801 0 _aRU
_bNLR
_gpsbo
801 1 _aRU
_bELAR
_2rusmarc
852 _aNLR
_j86-4/15288
942 _cBOOK
980 _aNB